Normal view
MARC view
Entry Personal Name
001 - CONTROL NUMBER
- control field: 15963
003 - CONTROL NUMBER IDENTIFIER
- control field: OSt
005 - DATE AND TIME OF LATEST TRANSACTION
- control field: 20220325112304.0
008 - FIXED-LENGTH DATA ELEMENTS
- fixed length control field: 220325|| aca||aabn | a|a d
040 ## - CATALOGING SOURCE
- Original cataloging agency: OSt
- Transcribing agency: OSt
100 ## - HEADING--PERSONAL NAME
- Personal name: PEARCE JOHN. A
670 ## - SOURCE DATA FOUND
- Source citation: Work cat.: (OSt): PEARCE JOHN. A, STRATEGIC MANAGEMENT, 2015
